000 02813nas1a22003971i 4500
001 RU\NLR\INFOCOMM16\1000000571
005 20240726092115.0
035 _a(NLR Aleph) 002646267
090 _a3829913
_c3829913
100 _a20031217b19551957|||y0rusy50 ca
101 0 _arus
102 _aRU
110 _azyu||||0|y0
200 1 _aВ помощь клубному работнику
_fМетод.кабинет М-ва культуры Коми АССР.Обком Союза рабочих лесной и бум.пром.
207 1 _aВып.[1]-12
210 _aСыктывкар
_cКоми кн.изд-во
_d1955-1957
430 1 _12001#$aВ помощь культпросвет работнику
_tВ помощь культпросвет работнику
712 0 2 _aКоми республиканский методический кабинет культурно-просветительной работы
_4570
801 1 _aRU
_bInfoComm
_c20031217
801 0 _aRU
_bNLR
_gPSBO
852 _aNLR
_jП28/735
942 _cSE
980 _aRUSPER